<?xml version="1.0" encoding="UTF-8"?>
<collection xmlns="http://www.loc.gov/MARC21/slim">
 <record>
  <leader>00807cam a2200169 7i4500</leader>
  <controlfield tag="001">0000135732</controlfield>
  <controlfield tag="005">20080617090000.0</controlfield>
  <controlfield tag="002">  0000000796</controlfield>
  <datafield tag="090" ind1="0" ind2="0">
   <subfield code="a">LP 9 FST 1 2000 </subfield>
  </datafield>
  <datafield tag="100" ind1="0" ind2="#">
   <subfield code="a">Kelvin Teoh Chin Erh </subfield>
  </datafield>
  <datafield tag="235" ind1="0" ind2="0">
   <subfield code="a">Experimental studies on the effects of transportation stress and dexamethasone induced stress on the white blood cells count in sheeps </subfield>
   <subfield code="c">Kelvin Teoh Chin Erh.</subfield>
  </datafield>
  <datafield tag="245" ind1="0" ind2="0">
   <subfield code="a">Project Report FST (Degree of Bachelor Science (Hons) in Biology)2000.</subfield>
  </datafield>
  <datafield tag="260" ind1="#" ind2="#">
   <subfield code="a">Terengganu: </subfield>
   <subfield code="b">Universiti Putra Malaysia Terengganu, </subfield>
   <subfield code="c">2000.</subfield>
  </datafield>
  <datafield tag="300" ind1=" " ind2=" ">
   <subfield code="a">xiii, 61p.: </subfield>
   <subfield code="b">ill.; </subfield>
   <subfield code="c">30 cm..</subfield>
  </datafield>
  <datafield tag="502" ind1="#" ind2="#">
   <subfield code="a">Transportation stress and the synthetic glucocoticoid, dexamethasone, has been used to stimulate stress-induced immuno-suppression</subfield>
  </datafield>
  <datafield tag="602" ind1="#" ind2="#">
   <subfield code="a">Laporan Projek FST 2000</subfield>
  </datafield>
  <datafield tag="999" ind1=" " ind2=" ">
   <subfield code="a">1100024418</subfield>
   <subfield code="b">Book</subfield>
   <subfield code="c">LAPORAN PROJEK</subfield>
   <subfield code="e">BILIK ARKIB</subfield>
  </datafield>
 </record>
</collection>
